| 000 | 01012nam0a2200313 4500 | ||
|---|---|---|---|
| 001 | RU\NLR\bibl\1824730 | ||
| 005 | 20250616162211.0 | ||
| 010 |
_a978-5-17-075108-2 _bАСТ |
||
| 010 |
_a978-5-271-37018-2 _bАстрель |
||
| 010 |
_a978-5-226-04170-9 _bВКТ _97000 |
||
| 021 |
_aRU _b2011-75084 _95336 |
||
| 035 | _a(NLR Aleph) 001815263 | ||
| 090 |
_a1928901 _c1928901 |
||
| 100 | _a20111024d2011 |||y0rusy50 ca | ||
| 101 | 1 |
_arus _ceng |
|
| 102 | _aRU | ||
| 105 | _ay ||||||||| | ||
| 200 | 1 |
_aЛегкомысленное пари _e[роман] _fКейт Ноубл _g[пер. с англ. О.В. Соколовой] |
|
| 210 |
_aМосква _cАСТ _cАстрель _cВладимир _cВКТ _d2011 |
||
| 215 |
_a317, [1] с. _d17 |
||
| 225 | 1 | _aмини ШАРМ | |
| 686 | _aШ6(7США)67-440.4{Лх1979-50} | ||
| 700 | 1 |
_aНоубл _bК. _gКейт _4070 |
|
| 801 | 0 |
_aRU _bNLR _c20111024 _gRCR |
|
| 801 | 1 |
_aRU _bNLR _c20111024 |
|
| 942 | _cBOOK | ||
| 980 | _aNB | ||
| 980 | _aNBR | ||